Selected works of C. Rajagopalachari / (Record no. 82838)

MARC details
000 -LEADER
fixed length control field 00743nam a22002297a 4500
005 - DATE AND TIME OF LATEST TRANSACTION
control field 20140425121437.0
010 ## - LCCN (DPL NO)
LC control number ENG-109506
020 ## - INTERNATIONAL STANDARD BOOK NUMBER
Terms of availability 1195.00
International Standard Book Number 9788125050179
035 ## - SYSTEM CONTROL NUMBER
System control number EN-93039
037 ## - SOURCE OF ACQUISITION
Source of stock number/acquisition DBAD/PUB
082 ## - DEWEY DECIMAL CLASSIFICATION NUMBER
Classification number 954.035
245 00 - TITLE STATEMENT
Title Selected works of C. Rajagopalachari /
Statement of responsibility, etc edited by Mahesh Rangarajan, N. Blakrishnan [and] Deepa Bhatnagar
260 ## - PUBLICATION, DISTRIBUTION, ETC. (IMPRINT)
Place of publication, distribution, etc New Delhi
Name of publisher, distributor, etc Orient Blakswan
Date of publication, distribution, etc 2014
270 ## - ADDRESS
Address 1/24 Asaf Ali Road
City New Delhi
Postal code 110002
300 ## - PHYSICAL DESCRIPTION
Extent V.1(xxvi,432p.)
Dimensions 25cm(Hb)
500 ## - GENERAL NOTE
General note Includes bibliographical references and index
505 ## - FORMATTED CONTENTS NOTE
Formatted contents note V.1-1907-21
700 ## - ADDED ENTRY--PERSONAL NAME
Personal name Rangarajan, Mahesh
700 ## - ADDED ENTRY--PERSONAL NAME
Personal name Balakrishnan, N.
700 ## - ADDED ENTRY--PERSONAL NAME
Personal name Bhatnagar, Deepa
942 ## - ADDED ENTRY ELEMENTS (KOHA)
Source of classification or shelving scheme Dewey Decimal Classification
Item type English Books
Call number suffix SEL
Classification part 954.035
Holdings
Withdrawn status Lost status Not for loan Collection code Home library Current library Date acquired Source of acquisition Cost, normal purchase price Full call number Barcode Copy number Cost, replacement price Koha item type
    Not For Loan Non-fiction D.B.Act.Division D.B.Act.Division 03/03/2014 DBAD/PUB 1195.00 954.035 SEL EN-93039 1 1195.00 English Books

© Delhi Public Library
Hit Counter
free hit counter